000 00528nam a2200205Ia 4500
003 OSt
005 20220926042320.0
006 a|||||r|||| 00| 0
007 ta
008 220923b |||||||| |||| 00| 0 eng d
037 _cGeneral Book
040 _aRTL
_cRTL
_beng
041 _2eng
_aeng
082 _aX65, G8
100 _aBurtchett Floyd F.
_9346087
245 0 _aInvestments and investment policy
650 _aInvestment
942 _hX65, G8
_cGB
_2CC
999 _c669424
_d669424